000 00280nam a22001337a 4500
020 _a978-8176561686
041 _aENG
100 _aOmura .G
245 _aMastering Auto CAD 2000
260 _aDelhi
_bBPB Pub
_c2000
300 _a1461
650 _aComputer
856 _uComputer
999 _c763
_d763